[Event "HCL-M017"]
[Site "www.playchess.de"]
[Date "2001.04.26"]
[Round "16"]
[White "mklengel"]
[Black "cmelo"]
[WhiteElo "2200"]
[BlackElo "2200"]
[PlyCount "70"]
[Result "1/2-1/2"]

1.e4 c5 2.Nf3 Nc6 3.d4 cxd4 4.Nxd4 Nf6 5.Nc3 e5 
6.Ndb5 d6 7.Bg5 a6 8.Na3 b5 9.Bxf6 gxf6 10.Nd5 Bg7 
11.Bd3 Ne7 12.Nxe7 Qxe7 13.O-O O-O 14.c3 f5 15.Nc2 
Rb8 16.exf5 e4 17.Re1 Bxf5 18.Nb4 Qb7 19.Bc2 a5 
20.Nd5 Rfe8 21.Qd2 Bg6 22.Rad1 Qa7 23.Qg5 b4 
24.cxb4 axb4 25.Nf6+ Bxf6 26.Qxf6 Qxa2 27.Rxd6 e3 
28.Bxg6 exf2+ 29.Kxf2 hxg6 30.Rb6 Rbc8 31.Rxe8+ 
Rxe8 32.Rxb4 Qb1 33.Qc3 Qf5+ 34.Kg1 Qb1+ 35.Kf2 
Qf5+ 1/2-1/2

[Event "HCL-B282"]
[Site "www.playchess.de"]
[Date "2001.04.26"]
[Round "2"]
[White "hreed"]
[Black "mcgaughp"]
[WhiteElo "1200"]
[BlackElo "1500"]
[PlyCount "69"]
[Result "1-0"]

1.e4 {pleased to meet you, good game!}  e6 {Good 
luck.}  2.d4 d5 3.e5 c5 4.c3 Nc6 5.Nf3 Qb6 6.a3 
Bd7 7.b4 cxd4 8.cxd4 Rc8 9.Be3 Nh6 10.Bd3 Ng4 
11.O-O Be7 12.Nbd2 Nxe3 13.fxe3 Nb8 14.Qe2 {I will 
be travelling April 9}  Ba4 15.Rfc1 O-O 16.Nf1 f5 
17.exf6 Bxf6 18.Ng3 Bd7 19.Nh5 Be7 20.Ne5 Bf6 
21.Nxf6+ gxf6 22.Qg4+ Kh8 23.Qh5 f5 24.Ng6+ Kg7 
25.Nxf8 Rxf8 26.Rcf1 Nc6 27.Rf3 Be8 28.Qg5+ Bg6 
29.Raf1 Rf7 30.Rh3 a6 31.Rf4 Kh8 32.Qxg6 Rg7 
33.Qxe6 Qd8 34.Qxf5 Qg8 35.Qf6 1-0

[Event "HCL-A124"]
[Site "www.playchess.de"]
[Date "2001.04.26"]
[Round "33"]
[White "BerndS"]
[Black "mrchess"]
[WhiteElo "1689"]
[BlackElo "1568"]
[PlyCount "61"]
[Result "1-0"]

1.d4 d5 2.c4 Nf6 3.Nc3 e6 4.Bg5 Be7 5.cxd5 Nxd5 
6.Bxe7 Qxe7 7.e4 Nxc3 8.bxc3 c6 9.Bd3 Nd7 10.Nf3 
O-O 11.O-O a6 12.Qd2 b5 13.e5 Bb7 14.Ng5 g6 15.Ne4 
c5 16.Nd6 Bc6 17.Qe3 c4 18.Be4 Bd5 19.f4 Nb6 20.f5 
exf5 21.Bxf5 Kg7 22.Rf2 h6 23.Raf1 Be6 24.Bxe6 
Qxe6 25.R2xf7+ Rxf7 26.Rxf7+ Qxf7 27.Nxf7 Kxf7 
28.Qxh6 Na4 29.Qh7+ Ke6 30.Qxg6+ Ke7 
31.Qd6+ 1-0

[Event "HCL-B287"]
[Site "www.playchess.de"]
[Date "2001.04.26"]
[Round "10"]
[White "craigsadler"]
[Black "Bookkeeper"]
[WhiteElo "815"]
[BlackElo "1466"]
[PlyCount "66"]
[Result "0-1"]

1.e4 e5 2.Nf3 Nc6 3.Bc4 Bc5 4.b4 Bxb4 5.c3 Ba5 
6.O-O d6 7.d4 Nf6 8.Re1 exd4 9.Bb2 dxc3 10.Bxc3 
O-O 11.Bxa5 Nxa5 12.Bb3 Re8 13.h3 Nxb3 14.Qxb3 
Nxe4 15.Nc3 Be6 16.Qxb7 Nxc3 17.Qb2 Na4 18.Qd4 Nb6 
19.Re4 c5 20.Qb2 Rb8 21.Qc2 Bd5 22.Rh4 h6 23.Rg4 
Qf6 24.Nh4 Qxa1+ 25.Kh2 Re1 26.Nf5 Rh1+ 27.Kg3 
Qe5+ 28.Kh4 g5+ 29.Kh5 Bxg2 30.Nxh6+ Kf8 31.Rxg2 
Rxh3+ 32.Kg4 Qf4+ 33.Kxh3 Qh4+ 0-1

[Event "ACL-A144"]
[Site "www.playchess.de"]
[Date "2001.04.26"]
[Round "10"]
[White "HrDoctor"]
[Black "mepms"]
[WhiteElo "1500"]
[BlackElo "1500"]
[PlyCount "68"]
[Result "0-1"]

1.e4 c5 2.Nc3 Nc6 3.Bb5 Nd4 4.Ba4 g6 5.Nf3 Bg7 
6.O-O Nh6 7.Nb5 Nxb5 8.Bxb5 O-O 9.c3 d5 10.Re1 
dxe4 11.Rxe4 Nf5 12.Re1 a6 13.Bf1 b5 14.a4 b4 
15.Qb3 Bb7 16.Ne5 Qc7 17.Nd3 c4 18.Qxb4 cxd3 
19.Bxd3 e6 20.Be4 Bd5 21.Bxd5 exd5 22.d4 Rab8 
23.Qc5 Qxc5 24.dxc5 Rfc8 25.Ra2 Rxc5 26.Bf4 Rbc8 
27.h3 d4 28.cxd4 Nxd4 29.b4 R5c4 30.Bd2 Nb3 31.Rb1 
Nxd2 32.Rxd2 Bc3 33.Rc2 Bxb4 34.Rcb2 
a5 0-1

[Event "HCL-B295"]
[Site "www.playchess.de"]
[Date "2001.04.26"]
[Round "10"]
[White "Volcano"]
[Black "RedBaron"]
[WhiteElo "1500"]
[BlackElo "1500"]
[PlyCount "29"]
[Result "1-0"]

1.e4 e5 2.f4 exf4 3.Nf3 d6 4.d4 g5 5.Bc4 Nc6 6.d5 
Ne5 7.Bb5+ Bd7 8.Bxd7+ Nxd7 9.h4 g4 10.Nd4 Ndf6 
11.Bxf4 Qe7 12.O-O O-O-O 13.Nc3 Nxe4 14.Qxg4+ Kb8 
15.Rae1 1-0

[Event "ACL-A158"]
[Site "www.playchess.de"]
[Date "2001.04.26"]
[Round "8"]
[White "jpechie"]
[Black "Karen"]
[WhiteElo "1500"]
[BlackElo "1500"]
[PlyCount "49"]
[Result "1-0"]

1.e4 {Hello. Good Luck}  c5 2.Nf3 e6 3.d4 cxd4 
4.Nxd4 Nf6 5.Nc3 d6 6.Be2 Be7 7.O-O a6 8.f4 Qc7 
9.Be3 b5 10.e5 dxe5 11.fxe5 Qxe5 12.Bf4 Qc5 13.Bf3 
Nd5 14.Nxd5 exd5 15.Kh1 O-O 16.Nb3 Qb6 17.Qxd5 Ra7 
18.Qe5 Nc6 19.Qe3 Qxe3 20.Bxe3 Rc7 21.Bf4 Ne5 
22.Bxe5 Rxc2 23.Nd4 Rc5 24.Rae1 Rd8 
25.Nc6 1-0

[Event "ACL-A163"]
[Site "www.playchess.de"]
[Date "2001.04.26"]
[Round "10"]
[White "Dragusin"]
[Black "deadeasy"]
[WhiteElo "1500"]
[BlackElo "1904"]
[PlyCount "66"]
[Result "0-1"]

1.d3 d5 {hello from london}  2.e3 Nf6 3.d4 Bf5 
4.Be2 e6 5.Qd2 Ne4 6.Qd1 Qg5 7.g3 Qf6 8.f4 c5 
9.dxc5 Bxc5 10.Nc3 Nxc3 11.Qd2 Ne4 12.Bb5+ Nc6 
13.Qe2 Nd6 14.g4 Qh4+ 15.Qf2 Qxf2+ 16.Kxf2 Be4 
17.Nf3 Nxb5 18.Re1 Nb4 19.Re2 Nxc2 20.Rb1 Nb4 
21.Ra1 Nd3+ 22.Kg3 h5 23.g5 Nd6 24.h4 Nf5+ 25.Kh3 
Bxf3 26.Rd2 Nxc1 27.Rc2 Bxe3 28.Kh2 Bxf4+ 29.Kg1 
Ne2+ 30.Kf2 Ned4 31.Rc7 Bg3+ 32.Kf1 Ne3+ 33.Kg1 
{Congratulation! You are very best}  
Ne2+ 0-1

[Event "HCL-C293"]
[Site "www.playchess.de"]
[Date "2001.04.26"]
[Round "17"]
[White "yaroslav"]
[Black "dijk"]
[WhiteElo "961"]
[BlackElo "1089"]
[PlyCount "26"]
[Result "0-1"]

1.e4 e5 2.d3 Nc6 3.Nf3 Nf6 4.c3 Bc5 5.Bg5 d6 6.Qa4 
O-O 7.Nh4 h6 8.Bxf6 Qxf6 9.b4 Qxf2+ 10.Kd1 Bg4+ 
11.Kc1 Be3+ 12.Nd2 Qxd2+ 13.Kb1 
Qc1+ 0-1

[Event "HCL-C299"]
[Site "www.playchess.de"]
[Date "2001.04.26"]
[Round "5"]
[White "Stalker"]
[Black "archon"]
[WhiteElo "1000"]
[BlackElo "1117"]
[PlyCount "40"]
[Result "0-1"]

1.e4 e5 2.Nf3 d5 3.d3 Bg4 4.h3 Bxf3 5.Qxf3 d4 
6.Be2 h6 7.O-O Nc6 8.Re1 Nf6 9.Nd2 Qc8 10.Nc4 Qe6 
11.Bd2 b6 12.c3 b5 13.Na3 a6 14.Nc2 Bc5 15.Na3 
dxc3 16.bxc3 Bxa3 17.c4 Bc5 18.d4 Nxd4 19.Qg3 Nc2 
20.Reb1 Nxa1 0-1

[Event "ACL-A160"]
[Site "www.playchess.de"]
[Date "2001.04.26"]
[Round "9"]
[White "Stalker"]
[Black "richard"]
[WhiteElo "1500"]
[BlackElo "1652"]
[PlyCount "46"]
[Result "0-1"]

1.e4 c5 {hi}  2.Bc4 e6 3.Nf3 d6 4.O-O Nf6 5.Nc3 a6 
6.d3 b5 7.Bb3 Nc6 8.Bg5 h6 9.Bh4 Na5 10.Re1 Nxb3 
11.axb3 g5 12.Bg3 Bb7 13.Qe2 b4 14.Na4 Nh5 15.Rad1 
Nxg3 16.fxg3 Bg7 17.h3 O-O 18.c4 Qc7 19.h4 g4 
20.Nh2 f5 21.exf5 exf5 22.d4 Bxd4+ {looks good for 
black now}  23.Kh1 Be5 0-1

[Event "HCL-C297"]
[Site "www.playchess.de"]
[Date "2001.04.26"]
[Round "9"]
[White "ELCUERVO"]
[Black "Chopz8va"]
[WhiteElo "1000"]
[BlackElo "1083"]
[PlyCount "88"]
[Result "0-1"]

1.e4 e5 {Hello & Good Luck}  2.Qh5 Qf6 3.Nf3 Nc6 
4.Bb5 Bc5 5.O-O d6 6.Nc3 Nh6 7.Nd5 Qd8 8.Qg5 Qxg5 
9.Nxg5 Bb6 10.d3 f6 11.Nf3 a6 12.Ba4 Bd7 13.Bxh6 
gxh6 14.Nxf6+ Ke7 15.Nd5+ Kd8 16.c4 Nd4 17.Bxd7 
Nxf3+ 18.gxf3 Kxd7 19.f4 Rhg8+ 20.Kh1 exf4 21.f3 
Raf8 22.b4 Bd4 23.Rab1 c6 24.Nxf4 Rxf4 25.a4 h5 
26.b5 c5 27.bxa6 bxa6 28.Rb7+ Kc6 29.Rxh7 h4 30.a5 
Bc3 31.Ra7 Bd4 32.Rxa6+ Kc7 33.Rb6 Ra8 34.Rb5 Bc3 
35.Rg1 Rxf3 36.Rg7+ Bxg7 37.Kg2 Rxd3 38.Rb2 Bxb2 
39.Kf2 Rxa5 40.Ke2 Rh3 41.e5 Bxe5 42.Kd2 Ra2+ 
43.Kc1 Rhxh2 44.Kb1 Ra1+ {good game-thanks} 
 0-1

[Event "ACL-A168"]
[Site "www.playchess.de"]
[Date "2001.04.26"]
[Round "10"]
[White "deadeasy"]
[Black "tihi"]
[WhiteElo "1909"]
[BlackElo "1500"]
[PlyCount "39"]
[Result "1/2-1/2"]

1.d4 Nf6 2.Nc3 d5 3.e4 Nxe4 4.Nxe4 dxe4 5.Bc4 g6 
6.f3 Bg7 7.c3 e3 8.Bxe3 {a new move to me in this 
position. it is logical tho}  O-O 9.h4 e5 10.h5 
exd4 11.hxg6 hxg6 12.Bxd4 Nc6 13.Bxg7 Qxd1+ 
14.Rxd1 Kxg7 15.Ne2 Ne5 16.Bb3 Bf5 17.Nd4 Nd3+ 
18.Kf1 Rad8 19.Rh4 Rfe8 20.Nxf5+ 1/2-1/2

[Event "HCL-A145"]
[Site "www.playchess.de"]
[Date "2001.04.26"]
[Round "3"]
[White "Nils"]
[Black "Arcant"]
[WhiteElo "1753"]
[BlackElo "1704"]
[PlyCount "24"]
[Result "0-1"]

1.e4 d6 {Hello and good luck}  2.d4 Nf6 3.Nc3 Nbd7 
4.Nf3 e5 5.Bd3 Be7 6.O-O O-O 7.Be3 c6 8.Qe2 Qc7 
9.Rfd1 Re8 10.d5 h6 11.a3 Nf8 12.Bc4 
g5 0-1

[Event "HCL-B296"]
[Site "www.playchess.de"]
[Date "2001.04.26"]
[Round "11"]
[White "ric70"]
[Black "capanera"]
[WhiteElo "1550"]
[BlackElo "1200"]
[PlyCount "43"]
[Result "1-0"]

1.d4 {hy, have a good game}  Nf6 2.c4 d5 3.cxd5 
Nxd5 4.e4 Nb4 5.Qa4+ N4c6 6.d5 b5 7.Bxb5 Bd7 
8.dxc6 Bg4 9.Bg5 a6 10.Nc3 h6 11.Bf4 g5 12.Be5 Rg8 
13.Nd5 Ra7 14.Be2 Be6 15.Nb6 Bg7 16.Bxg7 Rxg7 
17.Rd1 Nd7 18.Nxd7 a5 19.Qd4 f6 20.Bh5+ Bf7 
21.Nxf6+ Kf8 22.Qxd8+ 1-0

[Event "ACL-A171"]
[Site "www.playchess.de"]
[Date "2001.04.26"]
[Round "3"]
[White "killer"]
[Black "Leoisthelion"]
[WhiteElo "1500"]
[BlackElo "1500"]
[PlyCount "53"]
[Result "1-0"]

1.d4 {regards}  e6 2.e4 c5 {Good luck}  3.d5 Be7 
4.c4 d6 5.Nc3 Nf6 6.Bd3 Bd7 7.Nf3 O-O 8.O-O Re8 
9.h3 a6 10.Re1 e5 11.a3 Qc8 12.b4 Bxh3 13.gxh3 
Qxh3 14.bxc5 Qg4+ 15.Kh1 Qh3+ 16.Nh2 {I want to 
play on}  dxc5 17.Qf3 {Hi}  Qxf3+ {hi}  18.Nxf3 
Nbd7 19.Rg1 Kh8 20.Be3 h5 21.Bc2 Bd6 22.Ba4 Red8 
23.Rab1 b5 24.cxb5 axb5 25.Ng5 bxa4 26.Nxf7+ Kg8 
27.Nxd6 1-0

[Event "HCL-B296"]
[Site "www.playchess.de"]
[Date "2001.04.26"]
[Round "18"]
[White "Farmer"]
[Black "romeo_montesco"]
[WhiteElo "1370"]
[BlackElo "1200"]
[PlyCount "25"]
[Result "1-0"]

1.e4 e5 {hi}  2.Nf3 d6 3.d4 exd4 4.Nxd4 Nf6 5.Nc3 
Be6 6.Bg5 Be7 7.Qd2 h6 8.Bf4 d5 9.Nxe6 fxe6 
10.exd5 exd5 11.O-O-O c6 12.Bd3 Nh5 
13.Bg6+ 1-0

[Event "HCL-B317"]
[Site "www.playchess.de"]
[Date "2001.04.26"]
[Round "10"]
[White "jhvn"]
[Black "orpheus"]
[WhiteElo "1336"]
[BlackElo "1200"]
[PlyCount "43"]
[Result "1-0"]

1.e4 e5 2.Nf3 d6 3.d4 Nc6 4.dxe5 Nxe5 5.Be3 c5 
6.Nc3 Nf6 7.Be2 b6 8.Nxe5 dxe5 9.Qxd8+ Kxd8 10.Bg5 
Be7 11.Bxf6 gxf6 12.f4 exf4 13.O-O Bd6 14.Rad1 Kc7 
15.Nb5+ Kc6 16.Rxd6+ Kb7 17.Bc4 Rb8 18.Bd5+ Ka6 
19.Nc7+ Ka5 20.Rf3 Ba6 21.Ra3+ Kb4 
22.c3+ 1-0

[Event "HCL-C313"]
[Site "www.playchess.de"]
[Date "2001.04.26"]
[Round "10"]
[White "Wastl"]
[Black "Coolhandluke"]
[WhiteElo "1000"]
[BlackElo "1000"]
[PlyCount "33"]
[Result "1-0"]

1.e4 e5 2.f4 f6 3.fxe5 fxe5 4.Qh5+ g6 5.Qxe5+ Qe7 
6.Qxh8 Qh4+ 7.Kd1 Qf6 8.Qxf6 Nxf6 9.Nc3 Ng4 10.Nh3 
d6 11.Nd5 Na6 12.Bxa6 Kd8 13.Be2 Ne5 14.Rf1 Bg7 
15.d4 Bxh3 16.gxh3 Nc6 17.Bg5+ 1-0

[Event "HCL-C304"]
[Site "www.playchess.de"]
[Date "2001.04.26"]
[Round "16"]
[White "JensAnd"]
[Black "gordi"]
[WhiteElo "1338"]
[BlackElo "1400"]
[PlyCount "73"]
[Result "1-0"]

1.e4 {HI! I hope for a nice game.}  e5 2.Nf3 Nc6 
3.Bb5 Nf6 4.O-O Nxe4 5.d4 a6 6.Bxc6 dxc6 7.Qe2 f5 
8.dxe5 g5 9.h3 Qe7 10.Nbd2 Nc5 11.Nc4 h5 12.Nxg5 
Rg8 13.f4 Be6 14.Nxe6 Nxe6 15.Qxh5+ Kd7 16.Be3 Qg7 
17.Rad1+ Ke7 18.Rf2 b5 19.Qxf5 bxc4 20.Qe4 Rd8 
21.Rxd8 Kxd8 22.Rd2+ Ke8 23.Qxc6+ Kf7 24.Qxc4 Qg6 
25.f5 Qxf5 26.Rf2 Qxf2+ 27.Bxf2 Rg5 28.Qe4 c6 
29.Qf3+ Kg7 30.Qf6+ Kh7 31.Qxe6 Bg7 32.Qxc6 Bxe5 
33.Qe4+ Kg7 34.Qxe5+ Kg6 35.Qe6+ Kh5 36.g4+ Rxg4+ 
37.hxg4+ 1-0

[Event "ACL-A175"]
[Site "www.playchess.de"]
[Date "2001.04.26"]
[Round "3"]
[White "andrus"]
[Black "rbverhoef"]
[WhiteElo "1500"]
[BlackElo "1500"]
[PlyCount "75"]
[Result "1-0"]

1.d4 d5 2.c4 Nf6 3.g3 g6 4.Bg2 e6 5.Nf3 Bd7 6.cxd5 
exd5 7.Qb3 Nc6 8.Bg5 Bb4+ 9.Nc3 Bxc3+ 10.bxc3 O-O 
11.Ne5 Bc8 12.f4 Na5 13.Qa4 b6 14.Bxf6 Qxf6 
15.Bxd5 Rb8 16.O-O Bh3 17.Rf2 Qd6 18.e4 Rbd8 19.g4 
c6 20.Bb3 Nxb3 21.Qxb3 Rde8 22.Re1 Qd8 23.Re3 Rxe5 
24.fxe5 Bxg4 25.Qa3 c5 26.Rd3 Qg5 27.Rg3 h5 28.Qb2 
h4 29.Rgg2 h3 30.Rg3 cxd4 31.cxd4 Rc8 32.Rf1 Rc7 
33.Qf2 b5 34.e6 fxe6 35.Qf8+ Kh7 36.Rf4 e5 
37.Rgxg4 Rc1+ 38.Kf2 1-0

[Event "HCL-C322"]
[Site "www.playchess.de"]
[Date "2001.04.26"]
[Round "1"]
[White "thalis"]
[Black "Lukas"]
[WhiteElo "1202"]
[BlackElo "1138"]
[PlyCount "90"]
[Result "0-1"]

1.d4 {Ich würde liebend gerne mal schwarz gegen 
dich spielen.}  Nf6 {Das ist ja zum schwarz 
ärgern... - Na ja, vielleicht klappt es in der 
nächsten Partie...}  2.Bg5 g6 {Guten Morgen!}  
3.Bxf6 {Habe die nächsten zwei Tage viel um die 
Ohren, werde aber trotzdem regelmäßig, eher gegen 
Abend rein}  exf6 {Kein Problem...}  4.e4 Bg7 
5.Bc4 c5 {c4 ist wohl Dein neues Lieblingsfeld. 
:-)}  6.c3 d6 {---}  7.Qb3 {Hab zu schnell 
gedrückt ... Und ein bißchen Stress ...}  O-O 
8.Nf3 Nc6 9.O-O Na5 10.Qa4 Nxc4 11.Qxc4 a6 12.d5 
{Du wirst baldigst aufsteigen, mein Lieber. Das 
sieht sehr gut für dich aus!}  f5 {E-Mail ist 
unterwegs...}  13.Nbd2 fxe4 {-}  14.Nxe4 Re8 
15.Rae1 b5 16.Qe2 Bg4 17.h3 Bf5 18.Nfg5 Bxe4 {Du 
hast wohl f7-f5 übersehen, wenn Du mit dem 
Springer nimmst...}  19.Qg4 Bxd5 20.Re3 Rxe3 
21.fxe3 f5 {-}  22.Qf4 Bxa2 23.e4 Bf7 24.exf5 gxf5 
25.Qxf5 Bg6 26.Qd5+ Kh8 27.Ne6 Qb8 28.h4 Qa7 
29.Qxd6 c4+ 30.Kh1 Rg8 31.Ng5 a5 32.h5 Bxh5 33.Qf4 
{Deine Idee ist super: 2 Stunden Gesamtzeit für 
ein 5er Turnier! Astrein!}  Rf8 {Mail ist 
unterwegs...}  34.Qxf8+ Bxf8 {---}  35.Rxf8+ {Noch 
ein kleines bißchen ...  muß einfach sein! ;-))}  
Kg7 {Aber bitte nicht bis zum Matt :-)}  36.Ne6+ 
Kh6 37.Rf6+ Bg6 38.g4 b4 39.Kh2 bxc3 40.bxc3 Qb8+ 
41.Kh3 Qb2 {.}  42.Kg3 Qxc3+ 43.Kh4 Qxf6+ 44.g5+ 
{So jetzt ist es ja bald geschafft! Ein Lob fürs 
Durchhalten!}  Qxg5+ {Solange Du es bist... Bei so 
manch anderen wäre ich ein wenig genervt :-)}  
45.Nxg5 {Du bist hier der einzige, der zieht! Ich 
habe 5 Turniere offen!}  c3 {Bei mir habe ich 
schon 4 oder 5 Gegner die anscheinend gar nicht 
mehr ziehen wollen...}  0-1

[Event "HCL-A160"]
[Site "www.playchess.de"]
[Date "2001.04.26"]
[Round "14"]
[White "LUCIANO"]
[Black "runciter"]
[WhiteElo "1308"]
[BlackElo "1572"]
[PlyCount "85"]
[Result "1/2-1/2"]

1.d4 f5 2.c4 Nf6 3.g3 e6 4.Bg2 c6 5.Nf3 d5 6.cxd5 
exd5 7.O-O Bd6 8.Nc3 O-O 9.e3 Ne4 {high speed 
chess, I love it ... :-)}  10.Nd2 Nd7 11.f3 Nxc3 
12.bxc3 Re8 13.Qc2 Nf6 14.e4 fxe4 15.fxe4 dxe4 
16.Nxe4 Nxe4 17.Bxe4 h6 18.Bf4 Bh3 19.Rf2 Bxf4 
20.Rxf4 Rf8 21.Qb3+ Kh8 22.Rxf8+ Qxf8 23.Qxb7 Rb8 
24.Qxc6 Rb2 25.Qa8 Qxa8 {very good move!}  26.Bxa8 
{thanks}  Rc2 27.Be4 Rxc3 28.Rb1 g5 29.d5 Rc4 
30.Re1 Rd4 31.a3 Kg7 32.Bg2 Bxg2 33.Kxg2 Rxd5 
34.Re7+ Kg6 35.Rxa7 Rd2+ 36.Kh3 Ra2 37.a4 Ra3 
38.a5 Kh5 39.a6 g4+ 40.Kg2 Ra2+ 41.Kg1 Ra1+ 42.Kg2 
Ra2+ 43.Kg1 1/2-1/2

[Event "HCL-C317"]
[Site "www.playchess.de"]
[Date "2001.04.26"]
[Round "9"]
[White "MSMira"]
[Black "citywolf"]
[WhiteElo "1000"]
[BlackElo "1197"]
[PlyCount "35"]
[Result "1-0"]

1.e4 e5 2.Nf3 Nc6 3.Bb5 Bc5 4.c3 Nge7 5.d4 exd4 
6.cxd4 Bb4+ 7.Bd2 d5 {we dont like fischers 
treatment in cordel defence, do we? ;o)}  8.exd5 
{You got my attention...}  Qxd5 {uhoh, $swallow$ 
... why? huh... ;o)}  9.Bxc6+ {Am I going to have 
indigestion?}  bxc6 {hm, not an indigestion. i 
prefer to see u bleeding ;o) indigestions r not 
that funny...u agree?}  10.Bxb4 {I agree. Hey what 
happen to my bishop? Lets ask to your bishop. Oops 
your bishop disapeared....}  c5 {hmhm, i noticed 
it, too. well, maybe we should ask the oracle?}  
11.Bxc5 {bleeding, oracle... and now a pawn 
sacrifice. Am I missing something?}  Ba6 {u always 
need a sacrifice for the oracle ;o) i think u r 
missing the intentions behind my glory move}  
12.Qa4+ {I am really missing... By the way my 
Queen says: hello King. Portuguese girls are 
dangerous...}  Qc6 {but austrian girls know how to 
risk her life for the man ;o)}  13.Qxc6+ {A 
corageous girl your queen...}  Nxc6 {jep, and 
never outside without her knight}  14.Nc3 {Yeah 
good idea...}  O-O-O 15.O-O-O Rhe8 {what u think 
bout a draw? this seems to be balanced!}  16.Rhe1 
{Hm maybe if i am not bright enought with my extra 
knight}  f6 {u lay ur life into the hands of a 
little knight?}  17.d5 {And on my extra pawn. 
Pawns go get my girl back.}  Nb4 {ur optimism is 
SOOO cute (haha)}  18.Bxb4 {u are turning yhis 
easy. Was that an error? I'm missing something 
again?}  1-0

[Event "HCL-B332"]
[Site "www.playchess.de"]
[Date "2001.04.26"]
[Round "8"]
[White "gingy"]
[Black "Percolator"]
[WhiteElo "1255"]
[BlackElo "1770"]
[PlyCount "45"]
[Result "1-0"]

1.d4 d5 2.c4 e5 3.e3 exd4 4.exd4 Nf6 5.Nc3 Bb4 
6.Qc2 O-O 7.Bg5 Qd6 8.Nf3 Ne4 9.Bd2 Nxd2 10.Nxd2 
Nc6 11.O-O-O Nxd4 12.Qd3 dxc4 13.Qxc4 Bxc3 14.Qxc3 
Nc6 15.Nf3 Qh6+ 16.Kb1 Bf5+ 17.Bd3 Bxd3+ 18.Rxd3 
Rad8 19.Rhd1 Rxd3 20.Rxd3 Qg6 21.Nh4 Qe4 22.Nf3 
Ne5 23.Nxe5 1-0

[Event "HCL-A155"]
[Site "www.playchess.de"]
[Date "2001.04.26"]
[Round "32"]
[White "Michael_Schenk"]
[Black "Jeff_Foster"]
[WhiteElo "1370"]
[BlackElo "1373"]
[PlyCount "21"]
[Result "1-0"]

1.e4 {Hello from Germany. - Your move; have fun!}  
c5 {hi, good luck!}  2.c3 Nc6 3.d4 cxd4 4.cxd4 d5 
5.e5 e6 6.Nc3 Bb4 7.Nf3 Nge7 8.Bd3 O-O 9.O-O a6 
10.Bxh7+ Kxh7 11.Ng5+ 1-0

[Event "HCL-B142"]
[Site "www.playchess.de"]
[Date "2001.04.27"]
[Round "15"]
[White "supercazzola"]
[Black "Bill"]
[WhiteElo "1500"]
[BlackElo "1055"]
[PlyCount "99"]
[Result "1/2-1/2"]

1.d4 d5 2.c4 c6 3.Nf3 dxc4 4.e3 b5 5.a4 e6 6.b3 
Bb4+ 7.Bd2 Bxd2+ 8.Nfxd2 a5 9.bxc4 b4 10.c5 Nf6 
11.Nc4 O-O 12.Bd3 g6 13.O-O h5 14.Nbd2 Ba6 15.f3 
Nd5 16.Qe1 Re8 17.Ne4 f5 18.Ned6 Re7 19.Qg3 Nxe3 
20.Qxg6+ Rg7 21.Qxe6+ Kh7 22.Qxe3 Bxc4 23.Bxf5+ 
Kg8 24.Nxc4 Kf8 25.Qf4 Qg5 26.Qxg5 Rxg5 {I'll be 
leaving today, return late Friday night}  27.Be4 
Ra7 28.Rfe1 {ok}  Rg8 29.Nd6 Kg7 30.Bf5 Kf8 
31.Re8+ Kg7 32.Rxg8+ Kxg8 33.Re1 Kg7 34.Nc8 Rf7 
35.Re7 Rxe7 36.Nxe7 Kf6 37.Nxc6 Nxc6 38.Be4 Nxd4 
39.Kf2 Ke5 40.Ke3 Ne6 41.c6 Kd6 42.f4 b3 43.Bg6 
Kxc6 44.g3 Kc5 45.Kd3 Kb4 46.Be8 Nc5+ 47.Kd2 Ne4+ 
48.Kc1 Ka3 49.Bg6 b2+ {Sorry, I really think I 
have a good position in this game.}  50.Kd1 
{please!!!!!!!!!!!!!!!!}  1/2-1/2

[Event "HCL-B146"]
[Site "www.playchess.de"]
[Date "2001.04.27"]
[Round "2"]
[White "OObuc"]
[Black "abed"]
[WhiteElo "1181"]
[BlackElo "1805"]
[PlyCount "62"]
[Result "0-1"]

1.b4 d6 2.c4 e5 3.Bb2 Nf6 4.Nc3 Be7 5.g3 O-O 6.Bg2 
c6 7.Nf3 e4 8.Ng5 d5 9.cxd5 cxd5 10.e3 Bd7 11.Nxd5 
Nxd5 12.h4 Bf6 13.Nxe4 Bxb2 14.Rb1 Nxb4 15.Qb3 
N8a6 16.Nd6 Be6 17.Nc4 Nd3+ 18.Ke2 Nac5 19.Qb4 
Nxb4 20.Rxb2 Qd3+ 21.Kd1 Bxc4 22.Bf1 Qe4 23.Bg2 
Qxg2 24.Re1 Qf3+ 25.Kc1 Nbd3+ 26.Kc2 Nxe1+ 27.Kc3 
Qf6+ 28.Kxc4 Rac8 29.d4 Na4+ 30.Kb3 {Shoot!}  Qc6 
31.Rb1 Qc2+ 0-1

[Event "HCL-C096"]
[Site "www.playchess.de"]
[Date "2001.04.27"]
[Round "1"]
[White "Elz"]
[Black "Eddie"]
[WhiteElo "1183"]
[BlackElo "1000"]
[PlyCount "73"]
[Result "1-0"]

1.e4 e5 2.Nf3 Nc6 3.Bb5 a6 4.Bxc6 bxc6 5.d3 Qf6 
6.Bg5 Qd6 7.Nbd2 Qb4 8.Nxe5 Bd6 9.a3 Qxb2 10.Ndc4 
Qc3+ 11.Bd2 Qd4 12.c3 Qa7 13.Be3 c5 14.Nxd6+ cxd6 
15.Nc4 Qc7 16.Bf4 Qd8 17.Nxd6+ Kf8 18.Qh5 Qf6 
19.Qxc5 Ne7 20.Be5 Qg5 21.O-O f6 22.f4 Qh5 23.Nf5 
d6 24.Bxd6 {Sorry,but i can't accept your offer.}  
Bxf5 25.Bxe7+ Kf7 {Tough luck}  26.exf5 Rhc8 
27.Qb4 Qxf5 28.Rae1 Qxd3 29.Qb3+ Qc4 30.Qb7 Qc7 
31.Qd5+ Kg6 32.f5+ Kh6 33.Qd2+ g5 34.fxg6+ Kxg6 
35.Rxf6+ Kg7 36.Qh6+ Kh8 37.Rf7 1-0

[Event "HCL-B148"]
[Site "www.playchess.de"]
[Date "2001.04.27"]
[Round "28"]
[White "Hawk"]
[Black "Nils"]
[WhiteElo "1200"]
[BlackElo "1707"]
[PlyCount "61"]
[Result "1-0"]

1.d4 {Hallo}  Nf6 {Auch Hallo! Woher kommst Du? 
Ich aus Hamburg.}  2.c4 {Ich komm aus Ulm!}  e6 
3.Bg5 h6 4.Bh4 g5 5.Bg3 Bb4+ 6.Nd2 Ne4 7.Ngf3 g4 
8.a3 Nxg3 9.hxg3 Bf8 10.Nh4 Bg7 11.e3 f5 12.Ng6 
Rg8 13.Qc2 Bxd4 14.exd4 Rxg6 15.O-O-O Nc6 16.Nb1 
Qg5+ 17.Qd2 Qxd2+ 18.Rxd2 b6 19.d5 Ne5 20.Nc3 a6 
21.dxe6 dxe6 22.Ne2 Nxc4 23.Rc2 Nd6 24.Nf4 Rf6 
25.Rxc7 Bd7 26.Nh5 Rf7 27.Nf4 Kd8 28.Rc2 Rh7 
29.Bd3 e5 30.Nd5 b5 31.Nf6 1-0

[Event "HCL-B149"]
[Site "www.playchess.de"]
[Date "2001.04.27"]
[Round "16"]
[White "Rygars"]
[Black "Nils"]
[WhiteElo "1502"]
[BlackElo "1707"]
[PlyCount "63"]
[Result "1-0"]

1.f4 {Hello}  d5 2.Nf3 Nf6 3.e3 Bg4 4.b3 e6 5.Bb2 
Bd6 6.h3 Bf5 7.g4 Be4 8.g5 Nh5 9.Rg1 h6 10.Nc3 Be7 
11.Be2 hxg5 12.Nxg5 Nf6 13.Ngxe4 Nxe4 14.Nxe4 dxe4 
15.Bxg7 Rxh3 16.Bc3 Bh4+ 17.Kf1 Ke7 18.Bb4+ Kd7 
19.d3 Kc8 20.dxe4 Nd7 21.Bf3 Rh2 22.Rh1 Rf2+ 
23.Kg1 {No way. After Qg8+ Bg4 f5 Rxh4 I have a 
winning position. :)}  Qf6 24.Rh3 {Nice}  Qg6+ 
25.Kh1 Bd8 26.Rc1 {Play on buddy. :) I still have 
a superior position even I have a bad king... play 
on :)}  a5 27.Bc3 c6 28.Qd6 Rxf3 29.Rxf3 Bc7 
30.Qd2 Qxe4 31.Qg2 Qf5 32.Rh3 1-0

[Event "HCL-C157"]
[Site "www.playchess.de"]
[Date "2001.04.27"]
[Round "3"]
[White "JPD"]
[Black "kooldown"]
[WhiteElo "1000"]
[BlackElo "1232"]
[PlyCount "81"]
[Result "1-0"]

1.d4 {hi}  d5 2.c4 c6 3.Nf3 Bg4 4.Nc3 Nf6 5.Ne5 
Be6 6.cxd5 cxd5 7.e3 g6 8.Qb3 Qc7 9.Bd2 Bg7 
10.Bb5+ Nbd7 11.Nxd7 Bxd7 12.Nxd5 Nxd5 13.Qxd5 Rd8 
14.Rc1 Bxb5 15.Qxb5+ Qd7 16.Qxd7+ Rxd7 17.Rc8+ Rd8 
18.Rc5 O-O 19.Rc7 Rdb8 20.Rxe7 Rfc8 21.O-O Rc2 
22.Bc3 Bf8 23.Rd7 a6 24.Rd1 b5 25.Ra7 b4 26.Be1 
Rxb2 27.Rxa6 b3 28.axb3 R2xb3 29.e4 R3b1 30.Ra1 
R1b2 31.e5 Rc2 32.Rdc1 Re2 33.Kf1 Rbb2 34.d5 Rxe5 
35.Bc3 Rbe2 36.Bxe5 Rxe5 37.Ra8 Kg7 38.Rd1 Re7 
39.Rd8 Ra7 40.d6 f5 41.Rxf8 1-0